00341nam a2200133 a 45000010010000000030011000100080041000210350026000620820012000881000021001002450023001212600049001446500014001930000-8970ELIB.Books110520 1974  a(ELIB.Books)0000-9119 aB bBoo aBoom, Corrie ten aTramp for the Lord bNew Jersey: Fleming H. Revell Company c1974 aBiography